000 00799nam0a22002531 4500
001 rc\3049280
005 20250806202300.0
035 _a(NLR Aleph) 007188880
090 _a45923
_c45923
100 _a20111010d1944 u y0rusy50 ca
101 0 _arus
102 _aRU
105 _aa z |||||
200 1 _aРационализация производства сушеных овощей
210 _aМосква
_cПищепромиздат
_d1944
_eКалуга
215 _a72 с.
_cил.
_d17 см
700 1 _aКовальчук
_bФ.И.
_gФедор Иосифович
801 0 _aRU
_bNLR
_gpsbo
801 1 _aRU
_bELAR
_2rusmarc
852 _aNLR
_jТ66 Г-2/177
942 _cBOOK
945 _aРоссийская национальная библиотека
980 _aNB
980 _aBV